000 00292nam a2200133Ia 4500
008 191201s2008 xx 000 0 und d
100 _aHEARN,Donald
245 0 _aComputer Graphics
250 _aRep
260 _aN. delhi
_bPHI
_c2008
300 _a637
650 _aMCA
942 _2ddc
_cBK
_02
999 _c3734
_d3734